Chemistry and technology of naphthalene compounds (Record no. 28305)

MARC details
000 -LEADER
fixed length control field 00337nam a2200121Ia 4500
082 ## - DEWEY DECIMAL CLASSIFICATION NUMBER
Classification number 547.652
Item number DON
100 ## - MAIN ENTRY--AUTHOR NAME
Personal name Donaldson, Norman
245 #0 - TITLE STATEMENT
Title Chemistry and technology of naphthalene compounds
260 ## - PUBLICATION, DISTRIBUTION, ETC. (IMPRINT)
Place of publication London
Name of publisher Edward Arnold
Year of publication 1958
650 ## - SUBJECT ADDED ENTRY--TOPICAL TERM
Topical Term Naphthalene compound
942 ## - ADDED ENTRY ELEMENTS (KOHA)
Koha item type Books
Holdings
Withdrawn status Lost status Damaged status Not for loan Home library Current library Date acquired Cost, normal purchase price Full call number Accession Number Koha item type
        RRII Library RRII Library 16/12/2021 5.00 547.652 DON 08906 Books